| 000 -LEADER | |
|---|---|
| fixed length control field | 00421nam a22001697a 4500 |
| 005 - DATE AND TIME OF LATEST TRANSACTION | |
| control field | 20210906150355.0 |
| 008 - FIXED-LENGTH DATA ELEMENTS--GENERAL INFORMATION | |
| fixed length control field | 200518b xxu||||| |||| 00| 0 eng d |
| 020 ## - INTERNATIONAL STANDARD BOOK NUMBER | |
| ISBN | 9789384875138 |
| 041 ## - LANGUAGE CODE | |
| Language code of text/sound track or separate title | eng |
| 082 ## - DEWEY DECIMAL CLASSIFICATION NUMBER | |
| Classification number | 628.53 MIT |
| 100 ## - MAIN ENTRY--AUTHOR NAME | |
| Personal name | Mittal Dr. Chanchal |
| 245 ## - TITLE STATEMENT | |
| Title | Environmental Sciences |
| 260 ## - PUBLICATION, DISTRIBUTION, ETC. (IMPRINT) | |
| Place of publication | Modinagar (UP) |
| Name of publisher | Unnati Publication |
| Year of publication | 2019 |
| 300 ## - PHYSICAL DESCRIPTION | |
| Number of Pages | 103 |
| 650 ## - SUBJECT ADDED ENTRY--TOPICAL TERM | |
| Topical Term | Pharmacy |
| 942 ## - ADDED ENTRY ELEMENTS (KOHA) | |
| Koha item type | Books |
| Lost status | Damaged status | Collection code | Home library | Current library | Shelving location | Date acquired | Source of acquisition | Cost, normal purchase price | Full call number | Accession Number | Koha item type |
|---|---|---|---|---|---|---|---|---|---|---|---|
| PHARMACY | JRU Library | JRU Library | Shelf - 26- I | 18/05/2020 | PURCHASE | 89.00 | 628.53 MIT | 24049 | Books | ||
| PHARMACY | JRU Library | JRU Library | Shelf - 25- H | 18/05/2020 | PURCHASE | 89.00 | 628.53 MIT | 24050 | Books | ||
| PHARMACY | JRU Library | JRU Library | Shelf - 26- I | 18/05/2020 | PURCHASE | 89.00 | 628.53 MIT | 24051 | Books | ||
| PHARMACY | JRU Library | JRU Library | Shelf - 26- I | 18/05/2020 | PURCHASE | 89.00 | 628.53 MIT | 24052 | Books | ||
| Reference | JRU Library | JRU Library | SHELF-3-E | 18/05/2020 | PURCHASE | 89.00 | 628.53 MIT | 24053 | Books | ||
| PHARMACY | JRU Library | JRU Library | Shelf - 26- I | 27/02/2021 | PURCHES-1910 /17/02/21 | 89.00 | 628.53 MIT-E | 25621 | Books | ||
| PHARMACY | JRU Library | JRU Library | SHELF -72- F | 27/02/2021 | PURCHES-1910 /17/02/21 | 89.00 | 628.53 MIT-E | 25622 | Books | ||
| PHARMACY | JRU Library | JRU Library | Shelf - 26- I | 27/02/2021 | PURCHES-1910 /17/02/21 | 89.00 | 628.53 MIT-E | 25623 | Books | ||
| PHARMACY | JRU Library | JRU Library | Shelf - 26- I | 27/02/2021 | PURCHES-1910 /17/02/21 | 89.00 | 628.53 MIT-E | 25624 | Books | ||
| PHARMACY | JRU Library | JRU Library | SHELF-3-D | 27/02/2021 | PERCHES- 1910/17-02-2021 | 89.00 | 628.53 MIT | 25620 | Books |